Sport più Praticati in Italia - Statistics

Statistiche generali
  • Questo quiz è stato fatto 732 volte
    208 dall'ultimo reset
  • Il punteggio medio è 8 su 10
Statistiche sulle risposte
Posizione Sport Praticanti % Corretto
1 Calcio 4.500.000
100%
6 Pallacanestro 1.300.000
99%
5 Pallavolo 1.400.000
97%
3 Tennis 1.600.000
92%
2 Nuoto 3.100.000
90%
7 Atletica leggera 1.100.000
84%
10 Rugby 300.000
58%
8 Sci 600.000
57%
4 Ciclismo 1.500.000
51%
9 Arti marziali 400.000
42%
Nessun quiz corrispondente trovato
Distribuzione punteggi
Percentuale di utenti per punteggio
Percentile per numero di risposta
I tuoi punteggi nel tempo
Non hai fatto questo quiz dall'ultimo reset